LEADER 00897nam0 2200265 450 001 000014733 005 20180522151238.0 100 $a20080724d1933----km-y0itay50------ba 101 0 $aeng 102 $aUS 105 $aa-------001yy 200 1 $aIntroduction to theoretical physics$fby John C. Slater, Nathaniel H. Frank 210 $aNew York ; London$dMcGraw-Hill Book Company$d1933 215 $aXX, 576 p.$cill.$d24 cm 225 2 $aInternational series in pure and applied physics 410 0$12001$aInternational series in pure and applied physics 610 1 $aFisica generale 676 $a537.1$v19 700 1$aSlater,$bJohn C.$017883 701 1$aFrank,$bNathaniel Herman$0821 801 0$aIT$bUNIPARTHENOPE$c20080724$gRICA$2UNIMARC 912 $a000014733 951 $a537.1/101$b13168$cPIST$d2008 996 $aIntroduction to theoretical physics$91202223 997 $aUNIPARTHENOPE LEADER 01352nam0 22003251i 450 001 UON00493976 005 20231205105344.737 010 $a88-420-4495-4 100 $a20190411d1994 |0itac50 ba 101 $aita 102 $aIT 105 $a|||| ||||| 200 1 $aDizionario del Medioevo$fAlessandro Barbero, Chiara Frugoni 210 $aRoma$aBari$cLaterza$d1994 215 $a275 p.$cill.$d21 cm. 316 $aDono Prof. Alberto Varvaro.$5IT-UONSI F. Varvaro0964 410 1$1001UON00066096$12001 $aManuali Laterza$1210 $aRoma$aBari$cLaterza$v53 606 $aMedioevo$xCiviltà$xEnciclopedie e dizionari$3UONC046178$2FI 620 $aIT$dRoma$3UONL000004 620 $aIT$dBari$3UONL000072 676 $a940.103$cStoria generale dell'Europa. Fino al 1453. Dizionari, enciclopedie, concordanze.$v21 700 1$aBarbero$bAlessandro$3UONV106151$0160445 701 1$aFRUGONI$bChiara$3UONV111916$011339 712 $aLaterza$3UONV276725$4650 801 $aIT$bSOL$c20250829$gRICA 899 $aSIBA - SISTEMA BIBLIOTECARIO DI ATENEO$2UONSI 912 $aUON00493976 950 $aSIBA - SISTEMA BIBLIOTECARIO DI ATENEO$dSI F. Varvaro0964 $eSI 28868 7 Dono Prof. Alberto Varvaro. 996 $aDizionario del Medioevo$9982678 997 $aUNIOR